MDQL
is popping MORE tags! Check the
thread
!
Quizzes
Events
Quiz Creation
Community
Videos
Private Events
Remove Ads
Sign In
Join for FREE
Feedback
Dark Mode
Quiz Categories
Sports
Geography
Music
Movies
Television
Just For Fun
Miscellaneous
History
Literature
Language
Science
Gaming
Entertainment
Religion
Holiday
For Kids
Quiz Lab
Recent
Popular Today
Quiz Kudos Today
Editor Picks
Curator Picks
Quizzes by...
Day
Popularity
Type
Ratings
Length
Year
Community
Subscriptions
Recent Discussions
Orange Saloon
Badges
Playlists
Quests
Create
Leaderboards
Showdown
Live 5
Trivia Bingo
Activity
Puzzle Library
Sporcle Events
Private Events
Virtual Trivia
Globe League
Become a Host
Pub Owners
SporcleCon
Opinionation
Our Games
Videos
Blog
Mobile Apps
Partnerships
Remove Ads and Go Orange
Feedback
Gaming
Video Games
Board Games
Card Games
Pokémon
Mario
Nintendo
Minecraft
Console
Toys
Legend of Zelda
Gaming
Video Games
Board Games
Card Games
Pokémon
Mario
Nintendo
Minecraft
Console
Toys
Legend of Zelda
Random Quiz
Search Sporcle
×
Quiz Lab
Quiz Lab
Gaming
Pokémon
Type in answers that appear in a list
Type in answers that appear in a list
Classic
Best Score? Go Orange.
Pokemon Go Items Stats
Can you name the Pokemon Go Items?
By
amar2419
3m
23 Questions
87 Plays
87 Plays
87 Plays
Comments
Comments
Give Quiz Kudos
Give Quiz Kudos
-
- Ratings
hide this ad
Replay
Link that replays current quiz
Next Quiz
Link to next quiz in quiz playlist
You Got
0%
They Got
Avg Score
80%
Avg Friend Score
Upgrade to see
Score Distribution
Jump to the score distribution portion of the page
Score
0/23
Timer
03:00
0
Plays Today
Description
Item
% Correct
Allows for you to take pictures of the Pokémon
Camera
95.4%
Used to hatch Pokémon Eggs.
Egg Incubator
90.8%
Used to capture Pokémon. Has a higher chance of capture.
Great Ball
90.8%
Hatches into a Pokémon
Egg
88.5%
Used to capture Pokémon. Has a standard chance of capture.
Poke Ball
87.4%
Attracts wild Pokémon to you for 30 minutes.
Incense
85.1%
Used to capture Pokémon. Has a higher chance of capture.
Ultra Ball
85.1%
Used to heal Pokémon by 20 HP.
Potion
83.9%
Used to heal Pokémon by 200 HP.
Hyper Potion
82.8%
Doubles experience gained for 30 minutes
Lucky Egg
81.6%
Restores a fainted Pokémon and provides half health.
Revive
78.2%
Used to heal Pokémon by 50 HP.
Super Potion
78.2%
Description
Item
% Correct
Evolves Seadra
Dragon Scale
77%
Restores a fainted Pokémon and provides full health.
Max Revive
77%
Evolves Poliwhirl and Slowpoke
King's Rock
75.9%
Used to completely heal a Pokémon.
Max Potion
75.9%
Evolves Onix and Scyther
Metal Coat
75.9%
Doubles the candy obtained by capturing the Pokémon.
Pinap Berry
75.9%
Makes it so the next Ball has a higher rate of capture.
Razz Berry
75.9%
Evolves Gloom
Sun Stone
75.9%
Attracts wild Pokémon to a PokéStop for all players for 30 minutes. Averages an appearance once every 5 minutes
Lure Module
73.6%
Evolves Porygon
Up-Grade
70.1%
Slows a Pokémon's attack movement.
Nanab Berry
67.8%
Quiz Playlist
Details
Report
Send in Message
Add To Playlist
Classic:
Type in answers that appear in a list
Last Updated: Apr 24, 2017
Quiz Scoreboard
CHALLENGE
Sign Up to Join the Scoreboard
Show All
Scores
Hide
Comments
May contain spoilers
Recently Published
Colored Red Africa Blitz
by spor1
Geography
30s
Find the 'City' Movie
by crazypaving
Movies
60s
5x2 Blitz: Bands
by SL_Kpop136
Music
30s
More to Explore
Quiz From the Vault
Featured Blog Post
14 Easter Pick-up Lines to Find Eggs With
hide this ad
You Might Also Like...
Tags
Pokémon Quiz
Video Games Quiz
item
mobile
Mobile Games
poke
Pokémon GO
Video Game Items
Today's Top Quizzes in Gaming
Browse Gaming
hide this ad
Today's Top Quizzes in Pokémon
Browse Pokémon
Top Contributed Quizzes in Gaming
1
Destiny 2 exotic weapons by perk icons
2
Legendary or Exotic?
3
Dead By Daylight Logic Puzzle
4
Genshin murder mystery
5
League of Legends Pro Players by Career/Team History
6
Overwatch Logic Puzzle
7
Stardew Mayhem 2: Electric Boogaloo
8
Windmill: Elements
9
Arcade Game Bunker
10
Valorant Utility Use (Up to Clove)
Explore More
Trending Topics
Harry Potter
Kpop
Anime
NBA
Disney
Marvel
Crossword
NFL
Song
The Office
Puzzle
Pokémon
Soccer
WWE
Country
hide this ad
More By:
amar2419
Quiz
Plays
Rating
Category
Featured
Created
Calculus Anti-derivatives
787
3.67
Science
May 19, 2016
Easy Function Derivatives
226
4.33
Science
May 19, 2016
Pokemon Go Items
87
5.00
Gaming
Apr 24, 2017
IHSA XC Team Champions
59
5.00
Sports
Apr 20, 2017
Downers Grove IL
23
5.00
Geography
Apr 9, 2017
Go to Creator's Profile
Score Distribution
Quiz Creator Spotlight
amar2419
Follow
Send a Message
Quizzes Created
-
Created Quiz Play Count
-
More By This Creator
Popular Quizzes Today
1
5x2 Blitz: Bands
2
Find the 'City' Movie
3
Colored Red Africa Blitz
4
Find the US States - No Outlines Minefield
5
The Countries of the World
6
Find the US States
7
9x9 Crossword: Cartoon Network
8
US States
More Gaming Quizzes
The Unwelcome Gaming Guest
Published
Trending Quizzes
Colored Red Africa Blitz II
Colored Red Europe Blitz I
Christmas Pick: Judaism
Colored Red Africa Blitz III
Colored Red Europe Blitz II
Recently Updated
Champions League XIs: Real Madrid
pecheneg
Largest US Cities 1790-2010
pecheneg
Rides in Walt Disney World
pecheneg
Most Oscar Losses (Acting)
pecheneg
Beyoncé Albums
pecheneg
Leaping Animals
pecheneg
Reality TV Shows (A-Z)
bhenderson79
Rickey Henderson's Hall of Fame Teammates
pecheneg
Champions League XIs: Arsenal
pecheneg
Quick Pick: Celebrities in WWE's Hall of Fame
aduchscher
Trending Topics
Anime
Marvel
Disney
Crossword
Kpop
NBA
Harry Potter
Country
Soccer
Puzzle
Pokémon
Song
WWE
NFL
The Office
Your Account Isn't Verified!
In order to create a playlist on Sporcle, you need to verify the email address you used during registration. Go to your
Sporcle Settings
to finish the process.
Report this User
Report this user for behavior that violates our
Community Guidelines
.
Details:
Send Report
Go to the Sporcle.com Mobile Site →
Comments